00882cam a2200265 a 450000100100000000500170001000800410002702000150006804000180008308200220010124500650012326000890018830000210027749000160029850400420031465100450035665100490040170000230045070000210047370000220049470000240051670000290054070000310056983000160060000000564320200929151729.0990708s1998 ve b 001 0 spa  a9806197585 aDO-SdBNPcDLC a987.0632bR454ó03aLa Revolución de Octubre /cManuel Caballero ... [et al.]. aCaracas :bFundación Centro de Estudios Latinoamericanos Rómulo Gallegos,c1998. a149 p. ;c21 cm.1 aLa Alborada aIncluye referencias bibliográficas. 4aVenezuelaxHistoriayREVOLUCIÓN, 1945. 4aVenezuelaxPolítica Y Gobiernoy1935-1958.1 aCaballero, Manuel.1 aNjaim, Humberto.1 aRey, Juan Carlos.1 aCamejo Ron, Yrayma.1 aPino Iturrieta, Elías.1 aRodríguez Iturbe, José 0aLa Alborada